| 000 | 00778nam a2200253 a 4500 | ||
|---|---|---|---|
| 001 | 55692 | ||
| 003 | BD-RjUL | ||
| 005 | 20211209080313.0 | ||
| 008 | 161121s1962 nyu||||| |||| 00| 0 eng d | ||
| 035 | _a(BD-RjUL)55816 | ||
| 040 |
_aBD-RjUL _beng _cBD-RjUL |
||
| 041 | _aeng | ||
| 082 |
_223 _a822.33 _bBRS 1962 |
||
| 100 | 1 |
_aBrown, Ivor _9165877 |
|
| 245 | 1 | 0 |
_aShakespeare / _cIvor Brown |
| 260 |
_aNew York : _bTime Incorporated, _c©1962. |
||
| 300 |
_axiii, 393 p. : _bill. ; _c21 cm |
||
| 490 | _aTime reading program special edition | ||
| 500 | _aIncludes Index | ||
| 600 |
_aShakespeare, William, _xDramatists English _y1564-1616 _9165956 |
||
| 600 |
_xEarly modern _xBiography _9165957 |
||
| 830 |
_aTime reading program special edition _9165958 |
||
| 942 |
_2ddc _cBK |
||
| 999 |
_c55692 _d55692 |
||